000 00604nam a2200181Ia 4500
003 GCL
008 140319s9999 xx 000 0 ara d
040 _aGCL /
_cGCL
082 0 4 _a811.02
_bس ش
100 1 _aسعيد سلمان ابو عاذرة (محقق)
245 1 0 _aالشعر الشعبى فى دولة الامارات العربية المتحدة /
_cسعيد سلمان ابو عاذرة (محقق)
300 _a309 ص
490 _a
650 0 4 _aالشعر العربى
650 0 4 _aالشعر الشعبى
650 0 4 _aالشعر الشعبى الاماراتى
942 _2ddc
_cBK
999 _c38779
_d38779